Bài tập luyện viết, giáo trình Hán ngữ sơ cấp

Enregistré dans:
Détails bibliographiques
Format: Livre
Tags: Ajouter un tag
Pas de tags, Soyez le premier à ajouter un tag!
Thư viện lưu trữ: Mạng thư viện Đại học Đà Nẵng
LEADER 00432nam a22001691a 4500
001 000036972
003 13267
005 20160412014951.0
008 160412s0 000
082 |a 4H(07)506 
245 |a Bài tập luyện viết, giáo trình Hán ngữ sơ cấp 
OWN |a LNN 
999 |a From the UDN01 
TYP |a Monograph 
980 |a Mạng thư viện Đại học Đà Nẵng